[Event "DEN-chT 0607"]
[Site "Denmark"]
[Date "2007.03.04"]
[Round "7.5"]
[White "Bekker Jensen, Simon"]
[Black "Jensen, Bjarke"]
[Result "1-0"]
[WhiteElo "2372"]
[BlackElo "2257"]
[PlyCount "47"]
[EventDate "2006.11.04"]
[EventType "team"]
[EventRounds "9"]
[EventCountry "DEN"]
[Source "ChessBase"]
[SourceDate "2007.02.01"]
[WhiteTeam "Helsinge"]
[BlackTeam "Jetsmark"]
[WhiteTeamCountry "DEN"]
[BlackTeamCountry "DEN"]

1. d4 g6 2. c4 Bg7 3. e4 c5 4. d5 d6 5. Nc3 e5 6. dxe6 Bxc3+ 7. bxc3 Bxe6 8.
Rb1 Qa5 9. Rxb7 Nc6 10. Nf3 Nge7 11. Qc2 Nc8 12. Rb5 Qc7 13. Bg5 h6 14. Bf6 Rg8
15. Bh4 Nb6 16. Nd2 Ne5 17. Be2 Qc6 18. O-O f5 19. f4 Nexc4 20. Nxc4 Nxc4 21.
Qb3 Qxe4 22. Bf3 Qe3+ 23. Bf2 Qd3 24. Rd1 1-0

[Event "DEN-chT 0607"]
[Site "Denmark"]
[Date "2007.03.04"]
[Round "7.6"]
[White "Rathlev, Jakob"]
[Black "Bekker Jensen, David"]
[Result "0-1"]
[WhiteElo "2164"]
[BlackElo "2276"]
[PlyCount "70"]
[EventDate "2006.11.04"]
[EventType "team"]
[EventRounds "9"]
[EventCountry "DEN"]
[Source "ChessBase"]
[SourceDate "2007.02.01"]
[WhiteTeam "Jetsmark"]
[BlackTeam "Helsinge"]
[WhiteTeamCountry "DEN"]
[BlackTeamCountry "DEN"]

1. c4 Nf6 2. Nc3 g6 3. e4 d6 4. g3 Bg7 5. Bg2 O-O 6. Nge2 c5 7. O-O Nc6 8. d3
a6 9. Rb1 Rb8 10. a3 b5 11. cxb5 axb5 12. b4 cxb4 13. axb4 e5 14. h3 Be6 15.
Nd5 Ne7 16. Nxe7+ Qxe7 17. Be3 Qd7 18. Kh2 d5 19. Bc5 Rfd8 20. Nc3 Bh6 21. Ra1
dxe4 22. dxe4 Bc4 23. Rg1 Qe6 24. Qb1 Rd3 25. Nd5 Nxd5 26. exd5 Qf5 27. Rd1 e4
28. d6 Rd8 29. Ra7 Bf8 30. Re1 Bd5 31. d7 Bxc5 32. bxc5 Qxf2 33. Kh1 Rxg3 34.
Rg1 e3 35. Qf1 Rxh3# 0-1

[Event "DEN-chT 0607"]
[Site "Denmark"]
[Date "2007.03.04"]
[Round "7.7"]
[White "Vej, Jesper"]
[Black "Grubert, Christian"]
[Result "1/2-1/2"]
[WhiteElo "2078"]
[BlackElo "2020"]
[PlyCount "101"]
[EventDate "2006.11.04"]
[EventType "team"]
[EventRounds "9"]
[EventCountry "DEN"]
[Source "ChessBase"]
[SourceDate "2007.02.01"]
[WhiteTeam "Helsinge"]
[BlackTeam "Jetsmark"]
[WhiteTeamCountry "DEN"]
[BlackTeamCountry "DEN"]

1. e4 c5 2. c3 g6 3. d4 cxd4 4. cxd4 Bg7 5. Nc3 d6 6. Nf3 Nf6 7. Be2 O-O 8. O-O
a6 9. h3 b5 10. e5 Ne8 11. Bf4 Bb7 12. Qd3 Nc6 13. Rfd1 Nb4 14. Qd2 Nd5 15. Bh6
Nec7 16. Bxg7 Kxg7 17. exd6 Qxd6 18. Ne4 Qf4 19. Nc5 Qxd2 20. Rxd2 Bc8 21. Ne5
Rb8 22. Ned7 Bxd7 23. Nxd7 Rbd8 24. Nxf8 Kxf8 25. Bf3 Ne6 26. Bxd5 Rxd5 27.
Rad1 Ke8 28. Kf1 Kd7 29. g3 h5 30. h4 g5 31. hxg5 Rxg5 32. Ke2 f5 33. Rh1 Rg4
34. Rxh5 Nxd4+ 35. Rxd4+ Rxd4 36. Rxf5 Ke6 37. Rc5 Ra4 38. a3 Kd6 39. Rc8 e5
40. Rg8 Kd5 41. Rc8 b4 42. axb4 Rxb4 43. Rc2 Rb3 44. f3 e4 45. fxe4+ Kxe4 46.
g4 Kf4 47. Kd2 Kxg4 48. Rc4+ Kf5 49. Kc2 Rb6 50. Rd4 Ke5 51. Rd8 1/2-1/2

[Event "DEN-chT 0607"]
[Site "Denmark"]
[Date "2007.03.04"]
[Round "7.8"]
[White "Clausen, Tommy"]
[Black "Pape, Rasmus"]
[Result "1/2-1/2"]
[WhiteElo "1934"]
[BlackElo "2004"]
[PlyCount "49"]
[EventDate "2006.11.04"]
[EventType "team"]
[EventRounds "9"]
[EventCountry "DEN"]
[Source "ChessBase"]
[SourceDate "2007.02.01"]
[WhiteTeam "Jetsmark"]
[BlackTeam "Helsinge"]
[WhiteTeamCountry "DEN"]
[BlackTeamCountry "DEN"]

1. d4 f5 2. Bf4 Nf6 3. e3 g6 4. Nf3 Bg7 5. Bc4 e6 6. O-O O-O 7. Bb3 d6 8. Nbd2
Nh5 9. Re1 Nc6 10. c3 Kh8 11. Bg5 Qe8 12. e4 h6 13. exf5 gxf5 14. Bh4 Qg6 15.
Bc2 e5 16. d5 Nd8 17. Be7 Re8 18. Nh4 Qf7 19. Bxd8 Rxd8 20. Qf3 Nf4 21. g3 Nh3+
22. Kh1 Ng5 23. Qg2 Nh7 24. Qf3 Ng5 25. Qg2 1/2-1/2

[Event "DEN-chT 0607"]
[Site "Denmark"]
[Date "2007.03.04"]
[Round "7.1"]
[White "Hansen, Sune Berg"]
[Black "Hoi, Carsten"]
[Result "1-0"]
[WhiteElo "2566"]
[BlackElo "2425"]
[PlyCount "83"]
[EventDate "2006.11.04"]
[EventType "team"]
[EventRounds "9"]
[EventCountry "DEN"]
[Source "ChessBase"]
[SourceDate "2007.02.01"]
[WhiteTeam "Helsingor"]
[BlackTeam "Bronshoj"]
[WhiteTeamCountry "DEN"]
[BlackTeamCountry "DEN"]

1. e4 g6 2. d4 Bg7 3. Nf3 d6 4. Bc4 Nf6 5. Qe2 c6 6. e5 Nd5 7. h3 O-O 8. O-O b5
9. Bb3 a5 10. a3 Be6 11. Ng5 dxe5 12. Nxe6 fxe6 13. dxe5 Nd7 14. Nc3 Qc7 15. f4
g5 16. Nxd5 cxd5 17. c3 gxf4 18. Bxf4 b4 19. axb4 axb4 20. Rxa8 Rxa8 21. c4 Nc5
22. Bc2 Rf8 23. b3 d4 24. Bb1 Qd8 25. g3 d3 26. Qe3 Nxb3 27. Bxd3 Qd4 28. Qxd4
Nxd4 29. Kg2 Ra8 30. Rf2 Ra3 31. Be4 Rc3 32. Ra2 Rxc4 33. Ra8+ Kf7 34. Bxh7 b3
35. Rb8 Rc3 36. h4 Nc6 37. Rc8 Rc4 38. h5 Bxe5 39. Bg6+ Kg7 40. Bd3 Rc5 41. h6+
Kf7 42. Rxc6 1-0

[Event "DEN-chT 0607"]
[Site "Denmark"]
[Date "2007.03.04"]
[Round "7.2"]
[White "Pilgaard, Kim"]
[Black "Mortensen, Erling"]
[Result "1-0"]
[WhiteElo "2420"]
[BlackElo "2477"]
[PlyCount "182"]
[EventDate "2006.11.04"]
[EventType "team"]
[EventRounds "9"]
[EventCountry "DEN"]
[Source "ChessBase"]
[SourceDate "2007.02.01"]
[WhiteTeam "Bronshoj"]
[BlackTeam "Helsingor"]
[WhiteTeamCountry "DEN"]
[BlackTeamCountry "DEN"]

1. e4 c5 2. Nf3 e6 3. d4 cxd4 4. Nxd4 a6 5. Nc3 d6 6. Bd3 Nf6 7. O-O b5 8. Re1
Be7 9. a4 b4 10. Na2 Qb6 11. a5 Qb7 12. Bd2 e5 13. Nb3 Nc6 14. Bc4 Be6 15. Qe2
O-O 16. Bg5 d5 17. exd5 Nxd5 18. Bxe7 Qxe7 19. Qf3 Nf4 20. Re4 Rfc8 21. Rae1
Nd5 22. R4e2 Nf6 23. Bxe6 Qxe6 24. Nac1 e4 25. Qe3 Ne5 26. Nc5 Qf5 27. Nxe4 Nd5
28. Qg3 Nf4 29. Nf6+ Qxf6 30. Rxe5 Ng6 31. R5e2 Qxb2 32. Nd3 Qc3 33. h4 h5 34.
Rb1 Rab8 35. Qd6 Rd8 36. Qxa6 b3 37. Ne1 b2 38. g3 Ne5 39. Qa7 Nc4 40. Nd3 Re8
41. a6 Rec8 42. Qd7 Rd8 43. a7 Ra8 44. Qc6 Rdc8 45. Qb7 Nd6 46. Qxb2 Rxa7 47.
Qxc3 Rxc3 48. Rb8+ Kh7 49. Rd8 Nf5 50. Nf4 g6 51. Nd5 Rc6 52. Ree8 Nh6 53. Ne3
Kg7 54. Kf1 Rc5 55. Rc8 Rca5 56. Red8 Re7 57. c4 Ra2 58. Ra8 Rb2 59. Rdb8 Rd2
60. Rd8 Rb2 61. c5 Re5 62. Rd5 Re6 63. Ra1 Ng4 64. Nxg4 hxg4 65. Re1 Rf6 66.
Re2 Rb1+ 67. Kg2 Rc1 68. Rd4 Rxc5 69. Rxg4 Rfc6 70. Rf4 Rf6 71. Rxf6 Kxf6 72.
g4 Rc3 73. Re3 Rc5 74. Kg3 Ra5 75. Rb3 Rc5 76. g5+ Kg7 77. Rb7 Ra5 78. f4 Ra1
79. Rb2 Ra4 80. Rf2 Rb4 81. f5 gxf5 82. Rxf5 Ra4 83. h5 Rb4 84. Rf4 Rb6 85. Ra4
Rb1 86. Kg4 Rb7 87. h6+ Kg8 88. Ra8+ Kh7 89. Rf8 Kg6 90. Rg8+ Kh7 91. Ra8 Kg6
1-0

[Event "DEN-chT 0607"]
[Site "Denmark"]
[Date "2007.03.04"]
[Round "7.3"]
[White "Nielsen, Nicholas Roland"]
[Black "Carstensen, Jacob"]
[Result "1/2-1/2"]
[WhiteElo "2158"]
[BlackElo "2277"]
[PlyCount "79"]
[EventDate "2006.11.04"]
[EventType "team"]
[EventRounds "9"]
[EventCountry "DEN"]
[Source "ChessBase"]
[SourceDate "2007.02.01"]
[WhiteTeam "Helsingor"]
[BlackTeam "Bronshoj"]
[WhiteTeamCountry "DEN"]
[BlackTeamCountry "DEN"]

1. e4 c5 2. Nf3 d6 3. d4 cxd4 4. Nxd4 Nf6 5. Nc3 a6 6. f4 e5 7. Nf3 Nbd7 8. a4
Be7 9. Bd3 O-O 10. O-O Nc5 11. Qe1 exf4 12. Bxf4 Bg4 13. Kh1 Bh5 14. Rd1 Qb6
15. b3 Rfe8 16. Be3 Rac8 17. Bc4 Qc7 18. Bd4 Bg6 19. Nh4 Bxe4 20. Nxe4 Ncxe4
21. Bxf7+ Kxf7 22. Qxe4 Qxc2 23. Qxb7 Kg8 24. Nf5 Rc7 25. Qxa6 Qxb3 26. Nxe7+
Rcxe7 27. Bxf6 gxf6 28. Rxd6 Re4 29. Rd3 R4e6 30. Qb5 Qxb5 31. axb5 Rb8 32. Rb3
Rbb6 33. Kg1 Re5 34. Rfb1 Kg7 35. Kf2 h5 36. Kf3 Kf7 37. Kf4 Kg6 38. h3 Kf7 39.
Rb4 Kg6 40. R1b3 1/2-1/2

[Event "DEN-chT 0607"]
[Site "Denmark"]
[Date "2007.03.04"]
[Round "7.4"]
[White "Palm, Nikolaj"]
[Black "Larsen, Ole Bogh"]
[Result "1/2-1/2"]
[WhiteElo "2268"]
[BlackElo "2226"]
[PlyCount "133"]
[EventDate "2006.11.04"]
[EventType "team"]
[EventRounds "9"]
[EventCountry "DEN"]
[Source "ChessBase"]
[SourceDate "2007.02.01"]
[WhiteTeam "Bronshoj"]
[BlackTeam "Helsingor"]
[WhiteTeamCountry "DEN"]
[BlackTeamCountry "DEN"]

1. d4 Nf6 2. c4 g6 3. Nc3 d5 4. Nf3 Bg7 5. Bg5 Ne4 6. cxd5 Nxg5 7. Nxg5 e6 8.
Qd2 h6 9. Nh3 exd5 10. e3 O-O 11. Nf4 c5 12. Bb5 Nc6 13. Nfe2 cxd4 14. exd4 Qb6
15. Rd1 Bg4 16. f3 Bf5 17. O-O Rad8 18. Bxc6 bxc6 19. Na4 Qc7 20. Ng3 Bc8 21.
Nc5 h5 22. Rfe1 Rfe8 23. Nb3 Qb6 24. Re3 Kh7 25. Qe1 Re6 26. Rxe6 Bxe6 27. Qc3
h4 28. Ne2 Re8 29. Qe1 Bf6 30. Qd2 Bf5 31. g4 hxg3 32. hxg3 Qd8 33. Nc3 Qd6 34.
Kg2 Qe7 35. Kf2 Kg7 36. Rh1 Rh8 37. Rxh8 Kxh8 38. Qh6+ Kg8 39. Qd2 Kg7 40. Qd1
Qb4 41. Qd2 Qb8 42. Ne2 Qh8 43. Kg1 Qh3 44. Qc3 Bg5 45. Na5 Bd7 46. f4 Qe6 47.
Kf2 Bf6 48. Ng1 Qe4 49. Nb3 Bg4 50. Qd2 Qh1 51. Qc3 Qh2+ 52. Kf1 g5 53. Qe3
gxf4 54. Qxf4 Bh5 55. Qf2 Qh1 56. Nd2 Bg6 57. Ndf3 Qh6 58. Kg2 Be4 59. b3 Qc1
60. Kh2 Qh6+ 61. Nh4 Bg5 62. Nh3 f6 63. Nf5+ Bxf5 64. Qxf5 Qh5 65. Qd7+ Kh6 66.
g4 Qh4 67. Qf5 1/2-1/2

[Event "DEN-chT 0607"]
[Site "Denmark"]
[Date "2007.03.04"]
[Round "7.5"]
[White "Jorgensen, Michael"]
[Black "Aabling Thomsen, Jakob"]
[Result "0-1"]
[WhiteElo "2201"]
[BlackElo "2235"]
[PlyCount "112"]
[EventDate "2006.11.04"]
[EventType "team"]
[EventRounds "9"]
[EventCountry "DEN"]
[Source "ChessBase"]
[SourceDate "2007.02.01"]
[WhiteTeam "Helsingor"]
[BlackTeam "Bronshoj"]
[WhiteTeamCountry "DEN"]
[BlackTeamCountry "DEN"]

1. d4 g6 2. e4 Bg7 3. Be3 d6 4. f3 c5 5. Ne2 cxd4 6. Nxd4 Nc6 7. c3 Nf6 8. Be2
O-O 9. O-O e5 10. Nxc6 bxc6 11. Nd2 d5 12. Bc5 Re8 13. Qa4 Nh5 14. Rf2 Qg5 15.
Bf1 Be6 16. Re1 f5 17. Be3 Qh4 18. g3 Qf6 19. exd5 cxd5 20. f4 exf4 21. gxf4
Qh4 22. Bg2 Nf6 23. Nf3 Qh5 24. Ne5 Ne4 25. Rf3 Qh4 26. Qd1 Qe7 27. Bd4 Qb7 28.
Re2 a5 29. Bf1 Nf6 30. Qe1 Bf7 31. Qh4 Ng4 32. h3 Nxe5 33. fxe5 Re6 34. Qg3
Rae8 35. Rfe3 Qe7 36. h4 h6 37. Bh3 Kh8 38. Kh1 Bg8 39. h5 Rf8 40. Rf3 Bh7 41.
hxg6 Bxg6 42. Rf1 Bh5 43. Re3 Rg6 44. Qf4 Bg4 45. Qh2 Rg5 46. e6 Bxd4 47. cxd4
Rh5 48. Qe5+ Kh7 49. Rc1 Qg5 50. Rc7+ Kg8 51. Qxd5 Qxe3 52. e7+ Rf7 53. Qd8+
Kh7 54. e8=Q Rxh3+ 55. Kg2 Qf3+ 56. Kg1 Rh1# 0-1

[Event "DEN-chT 0607"]
[Site "Denmark"]
[Date "2007.03.04"]
[Round "7.6"]
[White "Ligaard, Morten Lund"]
[Black "Dalsberg, Sandra de Blecourt"]
[Result "1-0"]
[WhiteElo "2181"]
[BlackElo "2078"]
[PlyCount "37"]
[EventDate "2006.11.04"]
[EventType "team"]
[EventRounds "9"]
[EventCountry "DEN"]
[Source "ChessBase"]
[SourceDate "2007.02.01"]
[WhiteTeam "Bronshoj"]
[BlackTeam "Helsingor"]
[WhiteTeamCountry "DEN"]
[BlackTeamCountry "DEN"]

1. d4 d5 2. c4 c6 3. Nc3 Nf6 4. Nf3 dxc4 5. e4 b5 6. e5 Nd5 7. a4 b4 8. Ne4 Bf5
9. Ng3 Bd3 10. Bxd3 cxd3 11. e6 fxe6 12. Qxd3 Nd7 13. Ng5 N7f6 14. N3e4 Nc7 15.
Bf4 e5 16. Bxe5 Ncd5 17. Nc5 Qc8 18. O-O e6 19. Ncxe6 1-0

[Event "DEN-chT 0607"]
[Site "Denmark"]
[Date "2007.03.04"]
[Round "7.7"]
[White "Jensen, Ib"]
[Black "Paaske, Asger"]
[Result "1-0"]
[WhiteElo "1982"]
[BlackElo "2123"]
[PlyCount "61"]
[EventDate "2006.11.04"]
[EventType "team"]
[EventRounds "9"]
[EventCountry "DEN"]
[Source "ChessBase"]
[SourceDate "2007.02.01"]
[WhiteTeam "Helsingor"]
[BlackTeam "Bronshoj"]
[WhiteTeamCountry "DEN"]
[BlackTeamCountry "DEN"]

1. d4 Nf6 2. Nf3 g6 3. c4 Bg7 4. Nc3 d5 5. cxd5 Nxd5 6. e4 Nxc3 7. bxc3 O-O 8.
Be3 c5 9. Rc1 Qc7 10. Bc4 Bg4 11. O-O Nc6 12. h3 Bxf3 13. Qxf3 Qa5 14. Rfd1 e6
15. Qe2 a6 16. d5 exd5 17. exd5 Ne5 18. d6 Nd7 19. Bd5 Rab8 20. Bg5 Nf6 21. Qf3
Nxd5 22. Qxd5 h6 23. Be7 Rfe8 24. Rd3 Qb5 25. Rf3 Rxe7 26. dxe7 Qe8 27. Qd6 Rc8
28. Rd1 Kh7 29. Re3 f5 30. Qd8 Bd4 31. Qxc8 1-0

[Event "DEN-chT 0607"]
[Site "Denmark"]
[Date "2007.03.04"]
[Round "7.8"]
[White "Petersen, Steen"]
[Black "Petersen, Age"]
[Result "1/2-1/2"]
[WhiteElo "2108"]
[BlackElo "1953"]
[PlyCount "48"]
[EventDate "2006.11.04"]
[EventType "team"]
[EventRounds "9"]
[EventCountry "DEN"]
[Source "ChessBase"]
[SourceDate "2007.02.01"]
[WhiteTeam "Bronshoj"]
[BlackTeam "Helsingor"]
[WhiteTeamCountry "DEN"]
[BlackTeamCountry "DEN"]

1. e4 c6 2. d4 d5 3. Nc3 dxe4 4. Nxe4 Nf6 5. Nxf6+ gxf6 6. g3 Bf5 7. Bg2 e6 8.
c3 Nd7 9. Ne2 h5 10. h4 Qc7 11. Be3 Bd6 12. O-O Nb6 13. Re1 O-O-O 14. Qb3 Bd3
15. Nf4 Bc4 16. Qc2 Nd5 17. Nxd5 Bxd5 18. Bxd5 cxd5 19. Kf1 f5 20. Bg5 Rde8 21.
Bf6 Rhg8 22. Qe2 Rg4 23. Be5 Bxe5 24. Qxe5 Qxe5 1/2-1/2

[Event "DEN-chT 0607"]
[Site "Denmark"]
[Date "2007.03.04"]
[Round "7.1"]
[White "Hector, Jonny"]
[Black "Ost Hansen, Jacob"]
[Result "1-0"]
[WhiteElo "2508"]
[BlackElo "2439"]
[PlyCount "127"]
[EventDate "2006.11.04"]
[EventType "team"]
[EventRounds "9"]
[EventCountry "DEN"]
[Source "ChessBase"]
[SourceDate "2007.02.01"]
[WhiteTeam "Nordkalotten"]
[BlackTeam "K41"]
[WhiteTeamCountry "DEN"]
[BlackTeamCountry "DEN"]

1. e4 c5 2. Nf3 e6 3. d4 cxd4 4. Nxd4 Nc6 5. Nc3 a6 6. Be3 Nge7 7. Nb3 d6 8. f4
b5 9. g3 Bb7 10. Qe2 Na5 11. Rd1 Nc4 12. Bc1 Rc8 13. Bh3 Qb6 14. Nd4 Nc6 15.
Nf3 Rc7 16. a3 Be7 17. Rd3 b4 18. Nd1 bxa3 19. bxa3 O-O 20. Nf2 Qa5+ 21. Kf1 d5
22. exd5 exd5 23. Kg2 Bf6 24. Ng4 Bc3 25. Rdd1 Re7 26. Qd3 f5 27. Nf2 g6 28. g4
Qc5 29. gxf5 Ne3+ 30. Bxe3 Rxe3 31. Qf1 gxf5 32. Rg1 Kh8 33. Nd3 Qxa3 34. Kh1
Qe7 35. Rg5 Bf6 36. Rg3 d4 37. Bg2 Nb4 38. Nxb4 Qxb4 39. Rb1 Qe7 40. Rxb7 Qxb7
41. Nxd4 Re4 42. Nxf5 Qb4 43. c3 Qc4 44. Qg1 Rxf4 45. Ne3 Qc8 46. Qd1 Bh4 47.
Rh3 Qe6 48. c4 Qe5 49. Qb1 Rb8 50. Qd1 Qd4 51. Qc1 Qb2 52. Qd1 Qb1 53. Bf3 Rd4
54. Qf1 Qxf1+ 55. Nxf1 Rxc4 56. Be2 Rf4 57. Bxa6 Rb1 58. Kg2 Ra1 59. Bd3 Kg7
60. Re3 Rf2+ 61. Kh3 Bg5 62. Rg3 Kh6 63. Ne3 Bxe3 64. Rxe3 1-0

[Event "DEN-chT 0607"]
[Site "Denmark"]
[Date "2007.03.04"]
[Round "7.2"]
[White "Lund, Silas"]
[Black "Brynell, Stellan"]
[Result "1/2-1/2"]
[WhiteElo "2329"]
[BlackElo "2497"]
[PlyCount "46"]
[EventDate "2006.11.04"]
[EventType "team"]
[EventRounds "9"]
[EventCountry "DEN"]
[Source "ChessBase"]
[SourceDate "2007.02.01"]
[WhiteTeam "K41"]
[BlackTeam "Nordkalotten"]
[WhiteTeamCountry "DEN"]
[BlackTeamCountry "DEN"]

1. d4 e6 2. c4 Nf6 3. Nc3 Bb4 4. e3 c5 5. Bd3 Nc6 6. Nf3 d5 7. O-O O-O 8. a3
Bxc3 9. bxc3 Qc7 10. cxd5 exd5 11. a4 Re8 12. Ba3 c4 13. Bc2 Qa5 14. Bb2 Bg4
15. Qe1 Bxf3 16. gxf3 Ne7 17. Kh1 Ng6 18. Rg1 Nf4 19. Qf1 Nd3 20. Bxd3 cxd3 21.
Qxd3 Rac8 22. Rg5 Re6 23. Re5 Nd7 1/2-1/2

[Event "DEN-chT 0607"]
[Site "Denmark"]
[Date "2007.03.04"]
[Round "7.3"]
[White "Kristensen, Kaare Hove"]
[Black "Schmidt, Kristen"]
[Result "1-0"]
[WhiteElo "2313"]
[BlackElo "2322"]
[PlyCount "115"]
[EventDate "2006.11.04"]
[EventType "team"]
[EventRounds "9"]
[EventCountry "DEN"]
[Source "ChessBase"]
[SourceDate "2007.02.01"]
[WhiteTeam "Nordkalotten"]
[BlackTeam "K41"]
[WhiteTeamCountry "DEN"]
[BlackTeamCountry "DEN"]

1. e4 e5 2. Nf3 Nc6 3. d4 exd4 4. Nxd4 Bc5 5. Nxc6 Qf6 6. Qf3 Qxf3 7. gxf3 bxc6
8. Rg1 Ne7 9. Be3 Bxe3 10. fxe3 O-O 11. Nd2 f5 12. exf5 Nxf5 13. Kf2 Rb8 14. b3
d5 15. Bd3 Rb4 16. c4 Nd6 17. Rac1 Ba6 18. a3 Rbb8 19. c5 Ne4+ 20. Nxe4 Bxd3
21. Nd2 a5 22. Rg4 Rb5 23. Rc3 Bf5 24. Rf4 g5 25. Rd4 Kg7 26. Kg3 Kf6 27. h4
Rg8 28. Kf2 Rbb8 29. Rc1 h6 30. Rh1 Bc2 31. hxg5+ hxg5 32. Rh6+ Bg6 33. e4 Ke5
34. Ke3 Rbf8 35. Ra4 Rf4 36. Rxa5 dxe4 37. Ra4 exf3 38. Nxf3+ Kf5 39. Nd4+ Kg4
40. Rc4 Re8+ 41. Kd2 Rf2+ 42. Kc3 Bf7 43. Ne6+ Kg3 44. Re4 Rf3+ 45. Kd4 Rc8 46.
Ke5 g4 47. Ng7 Bd5 48. Nh5+ Kf2 49. Rxg4 Re8+ 50. Kd4 Re1 51. Nf6 Rd1+ 52. Ke5
Re1+ 53. Ne4+ Bxe4 54. Rxe4 Rxe4+ 55. Kxe4 Rxb3 56. Rxc6 Rxa3 57. Rxc7 Ra4+ 58.
Kd5 1-0

[Event "DEN-chT 0607"]
[Site "Denmark"]
[Date "2007.03.04"]
[Round "7.4"]
[White "Greger, Roland Reinhard"]
[Black "Ejsing, Esben"]
[Result "0-1"]
[WhiteElo "2332"]
[BlackElo "2275"]
[PlyCount "110"]
[EventDate "2006.11.04"]
[EventType "team"]
[EventRounds "9"]
[EventCountry "DEN"]
[Source "ChessBase"]
[SourceDate "2007.02.01"]
[WhiteTeam "K41"]
[BlackTeam "Nordkalotten"]
[WhiteTeamCountry "DEN"]
[BlackTeamCountry "DEN"]

1. e4 e6 2. d4 d5 3. Nc3 Bb4 4. e5 Qd7 5. Nf3 b6 6. Bf4 Ne7 7. h4 c5 8. a3
Bxc3+ 9. bxc3 Ba6 10. Rh3 Qa4 11. Be3 Bxf1 12. Kxf1 Nbc6 13. dxc5 Nf5 14. cxb6
Nxe3+ 15. fxe3 axb6 16. h5 Qc4+ 17. Qd3 Qc5 18. Rh4 h6 19. a4 O-O 20. Rb1 Qe7
21. Rf4 Qc7 22. c4 Ne7 23. cxd5 Nxd5 24. Rd4 Qc6 25. c4 Ne7 26. Rd6 Qxa4 27.
Rdxb6 Nf5 28. Kf2 Rfc8 29. g4 Ne7 30. Rb7 Nc6 31. Rxf7 Qa2+ 32. Kg3 Kxf7 33.
Rb7+ Ne7 34. Qg6+ Kf8 35. Rxe7 Kxe7 36. Qxg7+ Kd8 37. Qf8+ Kc7 38. Qd6+ Kb7 39.
Qd7+ Rc7 40. Qb5+ Ka7 41. Nd4 Qxc4 42. Qa5+ Kb7 43. Qe1 Ra3 44. Kh4 Rd7 45.
Qb1+ Ka8 46. Qg6 Rxd4 47. Qe8+ Kb7 48. exd4 Qc1 49. Qe7+ Ka6 50. Qxe6+ Kb5 51.
Qd5+ Ka4 52. Qa8+ Kb3 53. Qd5+ Kb2 54. Qg2+ Ka1 55. g5 Qf4+ 0-1

[Event "DEN-chT 0607"]
[Site "Denmark"]
[Date "2007.03.04"]
[Round "7.5"]
[White "Nielsen, Lars Aaes"]
[Black "Larsen, Karsten"]
[Result "1/2-1/2"]
[WhiteElo "2221"]
[BlackElo "2294"]
[PlyCount "42"]
[EventDate "2006.11.04"]
[EventType "team"]
[EventRounds "9"]
[EventCountry "DEN"]
[Source "ChessBase"]
[SourceDate "2007.02.01"]
[WhiteTeam "Nordkalotten"]
[BlackTeam "K41"]
[WhiteTeamCountry "DEN"]
[BlackTeamCountry "DEN"]

1. e4 g6 2. d4 Bg7 3. Nc3 c6 4. Be2 d5 5. e5 h5 6. f4 Nh6 7. Be3 Bg4 8. Qd2
Bxe2 9. Ncxe2 Nf5 10. Nf3 e6 11. g3 Nd7 12. h3 Qb6 13. O-O-O Qa6 14. Kb1 Nb6
15. Bf2 Nc4 16. Qd3 Qb5 17. Qb3 Na3+ 18. Qxa3 Qxe2 19. Rd2 Qb5 20. Qd3 Qxd3 21.
Rxd3 Bf8 1/2-1/2

[Event "DEN-chT 0607"]
[Site "Denmark"]
[Date "2007.03.04"]
[Round "7.6"]
[White "Olesen, Martin"]
[Black "Jakobsen, Peter"]
[Result "1-0"]
[WhiteElo "2272"]
[BlackElo "2206"]
[PlyCount "155"]
[EventDate "2006.11.04"]
[EventType "team"]
[EventRounds "9"]
[EventCountry "DEN"]
[Source "ChessBase"]
[SourceDate "2007.02.01"]
[WhiteTeam "K41"]
[BlackTeam "Nordkalotten"]
[WhiteTeamCountry "DEN"]
[BlackTeamCountry "DEN"]

1. e4 e5 2. Nf3 Nc6 3. d4 exd4 4. Nxd4 Bc5 5. Nxc6 Qf6 6. Qd2 dxc6 7. Nc3 Ne7
8. Qf4 Be6 9. Qxf6 gxf6 10. Bf4 O-O-O 11. Na4 Bb4+ 12. c3 Bd6 13. Be3 b6 14. f4
Rhg8 15. Kf2 c5 16. b3 Bd7 17. g3 Bc6 18. Bg2 Rge8 19. Rae1 Kb8 20. Nb2 Nc8 21.
Bc1 Bf8 22. Re2 Nd6 23. Rhe1 Bb7 24. g4 Rd7 25. c4 Rde7 26. e5 Bxg2 27. Kxg2
fxe5 28. fxe5 Re6 29. Nd3 f6 30. Bb2 fxe5 31. Rxe5 Rxe5 32. Nxe5 Kb7 33. Nf3
Rxe1 34. Nxe1 Kc6 35. Nd3 Kd7 36. Kf3 Be7 37. Be5 Nf7 38. Bf4 c6 39. Ne5+ Nxe5+
40. Bxe5 Ke6 41. Ke4 b5 42. h3 a6 43. Bf4 Bf6 44. Be3 Be7 45. g5 Bd6 46. Bf4
Be7 47. h4 Bf8 48. Be5 Be7 49. Bb2 Bd8 50. Kf4 Bc7+ 51. Kg4 Bd6 52. h5 Be7 53.
g6 hxg6 54. hxg6 Bd6 55. Kg5 bxc4 56. bxc4 Be7+ 57. Kh6 Bf8+ 58. Kh7 Kf5 59.
Kg8 Bh6 60. Kf7 Ke4 61. Bc1 Bxc1 62. g7 Kd3 63. g8=Q Kxc4 64. Kf6+ Kd4 65. Qb3
Be3 66. Kf5 c4 67. Qc2 Kc5 68. Ke4 Bd4 69. Qa4 Bf6 70. Qa5+ Kd6 71. Qb4+ c5 72.
Qxc4 Bd4 73. Qxa6+ Kc7 74. Kd5 Be3 75. Qa7+ Kc8 76. Kc6 Bf4 77. Qb7+ Kd8 78.
Qd7# 1-0

[Event "DEN-chT 0607"]
[Site "Denmark"]
[Date "2007.03.04"]
[Round "7.7"]
[White "Lilja, Richard"]
[Black "Semcesen, Daniel"]
[Result "0-1"]
[WhiteElo "2069"]
[BlackElo "2286"]
[PlyCount "135"]
[EventDate "2006.11.04"]
[EventType "team"]
[EventRounds "9"]
[EventCountry "DEN"]
[Source "ChessBase"]
[SourceDate "2007.02.01"]
[WhiteTeam "Nordkalotten"]
[BlackTeam "K41"]
[WhiteTeamCountry "DEN"]
[BlackTeamCountry "DEN"]

1. e4 e5 2. Nf3 Nc6 3. Bc4 Be7 4. d4 d6 5. dxe5 dxe5 6. Qxd8+ Bxd8 7. Bb5 Bd7
8. O-O Nge7 9. b3 a6 10. Bxc6 Nxc6 11. Bb2 f6 12. Rd1 Ne7 13. c4 Ng6 14. Nc3
Nf4 15. Rd2 Rf8 16. Ne1 Rf7 17. Rad1 Ne6 18. Nd3 a5 19. a4 Bc6 20. Nd5 Rd7 21.
Ba3 b6 22. Nc1 Kf7 23. Ne2 Rb8 24. Rd3 Ba8 25. Ng3 g6 26. Ne2 c6 27. Ndc3 Rxd3
28. Rxd3 Rb7 29. f4 Be7 30. Bxe7 Kxe7 31. fxe5 fxe5 32. Nc1 Nc5 33. Rh3 Ke6 34.
Kf2 Rd7 35. Ke3 Bb7 36. Rf3 Rd8 37. Rh3 h5 38. g4 hxg4 39. Rh4 Kf6 40. Rxg4 Rh8
41. Rg2 Rh3+ 42. Kd2 Rf3 43. Kc2 Ne6 44. N3e2 g5 45. Nd3 c5 46. Nf2 Nf4 47.
Nxf4 exf4 48. Ng4+ Ke6 49. Re2 Rh3 50. e5 Bf3 51. Nf2 Rxh2 52. Rd2 g4 53. Nd3
Rh7 54. Nxf4+ Kxe5 55. Ng6+ Kf5 56. Nf8 Rh1 57. Rd7 g3 58. Rf7+ Kg4 59. Ne6 g2
60. Rg7+ Kf5 61. b4 Kxe6 62. bxc5 bxc5 63. Rg6+ Kf5 64. Rg8 g1=Q 65. Rf8+ Ke4
66. Re8+ Kd4 67. Rd8+ Kxc4 68. Rd4+ 0-1

[Event "DEN-chT 0607"]
[Site "Denmark"]
[Date "2007.03.04"]
[Round "7.8"]
[White "Jorgensen, Brian"]
[Black "Koch, Soren Andreas"]
[Result "1/2-1/2"]
[WhiteElo "2164"]
[BlackElo "2079"]
[PlyCount "100"]
[EventDate "2006.11.04"]
[EventType "team"]
[EventRounds "9"]
[EventCountry "DEN"]
[Source "ChessBase"]
[SourceDate "2007.02.01"]
[WhiteTeam "K41"]
[BlackTeam "Nordkalotten"]
[WhiteTeamCountry "DEN"]
[BlackTeamCountry "DEN"]

1. d4 Nf6 2. c4 d6 3. Nc3 e5 4. Nf3 e4 5. Ng5 Bf5 6. Qb3 Nc6 7. e3 Rb8 8. Qc2
Qe7 9. h4 h6 10. Nh3 Qd7 11. Nf4 Be7 12. Be2 O-O 13. Qd1 Rbe8 14. Bd2 Nd8 15.
Ncd5 c5 16. dxc5 dxc5 17. Bc3 Nxd5 18. cxd5 Bd6 19. g4 Bg6 20. Ng2 f6 21. Qb3
a6 22. a4 Nf7 23. Nf4 Bxf4 24. exf4 Nd6 25. Bd2 Bf7 26. Be3 Rc8 27. g5 Nf5 28.
gxf6 Bxd5 29. Bc4 Bxc4 30. Qxc4+ Qf7 31. Qxf7+ Rxf7 32. fxg7 Rxg7 33. Rc1 Rgc7
34. Rc4 Nd6 35. Rc2 b5 36. Rg1+ Kf7 37. axb5 axb5 38. h5 Nf5 39. Rg6 c4 40. Rc1
Rc6 41. Ra1 b4 42. Ra7+ R6c7 43. Ra5 Nh4 44. Rxh6 c3 45. bxc3 Nf3+ 46. Kf1 bxc3
47. Rh7+ Kg8 48. Rxc7 Rxc7 49. Ra4 c2 50. Rxe4 c1=Q+ 1/2-1/2